| 000 | 00382nam a2200157Ia 4500 | ||
|---|---|---|---|
| 008 | 250916s9999 xx 000 0 und d | ||
| 020 | _a978-1-1383-6991-7 | ||
| 082 | _a519 BLI | ||
| 100 | _aBlitzstein, Joseph K. | ||
| 245 | 0 | _aIntroduction to probability | |
| 250 | _a2nd | ||
| 260 |
_aNew York: _bCRC Press, _c2019 |
||
| 300 | _a619 p. | ||
| 600 | _aMathematics | ||
| 942 | _cBK | ||
| 999 |
_c31577 _d31577 |
||